[Event "EU-chT Seniors 07th"]
[Site "Dresden"]
[Date "2005.02.21"]
[Round "4"]
[White "Villing, Dieter"]
[Black "Gruzmann, Boris"]
[Result "1/2-1/2"]
[WhiteElo "2211"]
[BlackElo "2271"]
[EventDate "2005.02.18"]
[PlyCount "86"]

1.e4 c5 2.f4 e6 3.Nf3 Nc6 4.Bb5 Nge7 5.O-O a6 6.Bxc6 Nxc6 7.c4 Be7 8.Nc3 
O-O 9.d3 d6 10.Qe2 Bf6 11.Be3 Nd4 12.Qf2 Nxf3+ 13.Qxf3 Bd4 14.Qf2 Qb6 15.
Rae1 Bd7 16.e5 dxe5 17.fxe5 f5 18.Bxd4 cxd4 19.b3 Rad8 20.Ne2 Be8 21.Qh4 
Rd7 22.g4 g5 23.Qh6 f4 24.Qxg5+ Rg7 25.Qh4 h5 26.h3 hxg4 27.Nxf4 gxh3+ 28.
Kh2 Qa5 29.Rg1 Qd2+ 30.Ne2 Bg6 31.Qxd4 Rf5 32.Qd8+ Kh7 33.Qh4+ Rh5 34.Qf4 
Qxd3 35.Ng3 Rf7 36.Qg4 Rf2+ 37.Kh1 Qc2 38.Re2 Rxe2 39.Nxe2 Rxe5 40.Qh4+ 
Rh5 41.Qe7+ Kh6 42.Qf8+ Kh7 43.Qe7+ Kh6 1/2-1/2

[Event "EU-chT Seniors 07th"]
[Site "Dresden"]
[Date "2005.02.21"]
[Round "4"]
[White "Wade, Robert Graham"]
[Black "Potthammel, Joerg"]
[Result "1/2-1/2"]
[WhiteElo "2164"]
[BlackElo "2104"]
[EventDate "2005.02.18"]
[PlyCount "84"]

1.d4 Nf6 2.Nc3 d5 3.Bg5 Nbd7 4.e3 g6 5.f4 Bg7 6.Nf3 O-O 7.Ne5 c6 8.Bd3 Ne8
9.Nxd7 Qxd7 10.O-O Nd6 11.Qe2 f6 12.Bh4 f5 13.h3 Qe6 14.b3 Bf6 15.Bxf6 
exf6 16.Na4 Re8 17.Rfe1 b6 18.Rac1 Bd7 19.c4 Ne4 20.c5 b5 21.Nc3 Nxc3 22.
Rxc3 a5 23.Rcc1 Re7 24.a3 Rae8 25.Qd2 Ra8 26.Re2 Kg7 27.Kh2 Ree8 28.Rg1 h5
29.Qe1 Rh8 30.g3 a4 31.b4 Kf7 32.Kg2 Rh7 33.Kf1 Rah8 34.Reg2 Qe7 35.Ke2 
Rh6 36.Kd2 Ke8 37.Qb1 Kd8 38.Qe1 Kc7 39.Qf2 Kc8 40.Qf3 Kc7 41.Rh2 Qf7 42.
Rgh1 Be6 1/2-1/2

[Event "EU-chT Seniors 07th"]
[Site "Dresden"]
[Date "2005.02.21"]
[Round "4"]
[White "Walter, Guenter"]
[Black "Rudnik, Heinz"]
[Result "1-0"]
[WhiteElo "2271"]
[BlackElo "2212"]
[EventDate "2005.02.18"]
[PlyCount "73"]

1.e4 e5 2.Nf3 Nc6 3.Bb5 a6 4.Ba4 Nf6 5.d3 d6 6.c3 Be7 7.O-O O-O 8.Nbd2 Bg4
9.h3 Bd7 10.d4 exd4 11.cxd4 Nb4 12.Bxd7 Qxd7 13.Qb3 d5 14.e5 Ne4 15.a3 Nc6
16.Re1 Nxd2 17.Bxd2 Nd8 18.Rac1 Ne6 19.Be3 h6 20.Red1 c6 21.Qd3 Rfd8 22.
Qe2 b6 23.Nh2 c5 24.Rc3 c4 25.f4 b5 26.f5 Ng5 27.Bxg5 Bxg5 28.Rf3 a5 29.
Qf2 h5 30.h4 Bh6 31.g4 hxg4 32.Nxg4 Ra6 33.Kh1 Kh7 34.Rg1 b4 35.f6 g6 36.
h5 g5 37.Qc2+ 1-0

[Event "EU-chT Seniors 07th"]
[Site "Dresden"]
[Date "2005.02.21"]
[Round "4"]
[White "Weise, Wolfgang"]
[Black "Dorsch, Baptist"]
[Result "1-0"]
[WhiteElo "2141"]
[BlackElo "1691"]
[EventDate "2005.02.18"]
[PlyCount "33"]

1.d4 d5 2.Nf3 Nf6 3.e3 Nbd7 4.Bd3 e6 5.O-O c5 6.b3 cxd4 7.exd4 Be7 8.Nbd2 
O-O 9.Bb2 b6 10.Ne5 Bb7 11.Qf3 Qc8 12.Rac1 Ba6 13.c4 dxc4 14.Qh3 Bb4 15.
Ndxc4 Qb7 16.d5 Nc5 17.Ng4 1-0

[Event "EU-chT Seniors 07th"]
[Site "Dresden"]
[Date "2005.02.21"]
[Round "4"]
[White "Wheeler, John Francis"]
[Black "Beltrami, Nerio"]
[Result "1-0"]
[WhiteElo "2220"]
[BlackElo "2089"]
[EventDate "2005.02.18"]
[PlyCount "53"]

1.d4 Nf6 2.c4 g6 3.Nc3 Bg7 4.e4 d6 5.Be2 O-O 6.Bg5 c5 7.dxc5 Qa5 8.Bd2 
Qxc5 9.Nf3 Be6 10.Rc1 Bxc4 11.Nd5 Bxe2 12.Qxe2 Nxd5 13.Rxc5 dxc5 14.exd5 
Bxb2 15.O-O Bf6 16.Ne5 Rd8 17.Ng4 Bg7 18.Qxe7 Nd7 19.Nh6+ Bxh6 20.Bxh6 b5 
21.Bf4 Rac8 22.Bc7 Re8 23.Qxd7 b4 24.Bf4 a5 25.Bh6 c4 26.Qd6 f6 27.Qd7 1-0

[Event "EU-chT Seniors 07th"]
[Site "Dresden"]
[Date "2005.02.21"]
[Round "4"]
[White "Wiemer, Juergen"]
[Black "Farrand, Julian"]
[Result "1/2-1/2"]
[WhiteElo "2140"]
[BlackElo "2216"]
[EventDate "2005.02.18"]
[PlyCount "28"]

1.e4 Nc6 2.d4 d5 3.e5 Bf5 4.c3 e6 5.Be3 f6 6.f4 Nh6 7.h3 Be7 8.g4 Be4 9.
Nf3 fxe5 10.fxe5 Bh4+ 11.Ke2 Bxf3+ 12.Kxf3 O-O+ 13.Kg2 Bg5 14.Qd2 Bxe3 
1/2-1/2

[Event "EU-chT Seniors 07th"]
[Site "Dresden"]
[Date "2005.02.21"]
[Round "4"]
[White "Zunker, Reinhard"]
[Black "Bhend, Edwin"]
[Result "1/2-1/2"]
[WhiteElo "2233"]
[BlackElo "2240"]
[EventDate "2005.02.18"]
[PlyCount "104"]

1.e4 c5 2.Nf3 Nc6 3.Bb5 e5 4.c3 Nf6 5.O-O Be7 6.d4 cxd4 7.cxd4 exd4 8.e5 
Ng4 9.Re1 d6 10.Qxd4 O-O 11.Bxc6 bxc6 12.e6 f5 13.h3 Nf6 14.Nc3 d5 15.Na4 
Ne4 16.Ne5 Qd6 17.Bf4 Bf6 18.Rac1 Qxe6 19.f3 g5 20.fxe4 gxf4 21.exd5 cxd5 
22.Qxf4 Qd6 23.Ng6 Qxf4 24.Nxf4 d4 25.Nc5 Rb8 26.b3 Kf7 27.Ncd3 Rb7 28.Rc5
Rd8 29.Rec1 Be6 30.Nxe6 Kxe6 31.Re1+ Kd6 32.Rxf5 Bg7 33.Nf4 Kc6 34.Rc1+ 
Kb6 35.Ne6 Rd6 36.Nxg7 Rxg7 37.Rd1 Re7 38.Kf2 d3 39.Rd2 Red7 40.g4 Rc7 41.
g5 Rc1 42.Rf3 Rc5 43.h4 Rcd5 44.Rf4 h6 45.Rg4 hxg5 46.hxg5 Rg6 47.Ke3 
Rdxg5 48.Rxg5 Rxg5 49.Kxd3 Rg6 50.Kc4 a5 51.Rd4 Rh6 52.a3 Rg6 1/2-1/2

[Event "EU-chT Seniors 07th"]
[Site "Dresden"]
[Date "2005.02.22"]
[Round "5"]
[White "Brameyer, Hermann"]
[Black "Boehlig, Heinz"]
[Result "1/2-1/2"]
[WhiteElo "2272"]
[BlackElo "2256"]
[EventDate "2005.02.18"]
[PlyCount "49"]

1.d4 Nf6 2.Nf3 e6 3.c4 b6 4.a3 Bb7 5.Nc3 d5 6.cxd5 exd5 7.g3 Be7 8.Qa4+ c6
9.Bg2 O-O 10.O-O Re8 11.Bf4 Bd6 12.Bxd6 Qxd6 13.Rad1 Nbd7 14.Rfe1 Ne4 15.
Nxe4 dxe4 16.Nd2 Nf6 17.e3 Qd5 18.Rc1 c5 19.Qc4 cxd4 20.Qxd4 Qxd4 21.exd4 
Re7 22.f3 Rd8 23.Nxe4 Nxe4 24.fxe4 Rxd4 25.e5 1/2-1/2

[Event "EU-chT Seniors 07th"]
[Site "Dresden"]
[Date "2005.02.22"]
[Round "5"]
[White "Braun, Gottfried"]
[Black "Baumbach, Friedrich"]
[Result "1/2-1/2"]
[WhiteElo "2331"]
[BlackElo "2279"]
[EventDate "2005.02.18"]
[PlyCount "53"]

1.e4 c5 2.Nc3 Nc6 3.Bb5 Nd4 4.Bc4 e6 5.Nge2 Ne7 6.O-O Nec6 7.d3 a6 8.Nxd4 
Nxd4 9.a4 g6 10.Bf4 d6 11.Qd2 Bg7 12.Rfc1 O-O 13.Bh6 Bd7 14.Bxg7 Kxg7 15.
a5 Bc6 16.Re1 b5 17.axb6 Qxb6 18.Nd1 Bb5 19.Ne3 Qb7 20.Ng4 f5 21.exf5 gxf5
22.Bxb5 axb5 23.Rxa8 Rxa8 24.c3 Nc6 25.Qh6+ Kh8 26.Ne3 Qf7 27.f4 1/2-1/2

[Event "EU-chT Seniors 07th"]
[Site "Dresden"]
[Date "2005.02.22"]
[Round "5"]
[White "Bukacek, Emil"]
[Black "Mueckan, Friedbert"]
[Result "1-0"]
[WhiteElo "2240"]
[BlackElo "2051"]
[EventDate "2005.02.18"]
[PlyCount "63"]

1.e4 e6 2.d4 d5 3.Nd2 Nf6 4.e5 Nfd7 5.Bd3 c5 6.c3 Nc6 7.Ne2 cxd4 8.cxd4 
Qb6 9.Nf3 Bb4+ 10.Kf1 Be7 11.h4 Nf8 12.Nc3 a6 13.Be3 Bd7 14.Qd2 Na5 15.Rb1
Rc8 16.g3 Nc4 17.Qe2 Nxe3+ 18.fxe3 Bc6 19.Kg2 f5 20.exf6 gxf6 21.Kh2 Qc7 
22.e4 Rg8 23.Rhg1 dxe4 24.Bxe4 Bd6 25.Bxc6+ bxc6 26.Ne4 Be7 27.Nc5 Kf7 28.
Rbf1 Bxc5 29.dxc5 Nd7 30.Ng5+ Rxg5 31.hxg5 Rg8 32.Qh5+ 1-0

[Event "EU-chT Seniors 07th"]
[Site "Dresden"]
[Date "2005.02.22"]
[Round "5"]
[White "Colombo, Paolo"]
[Black "Johannessen, Svein"]
[Result "0-1"]
[WhiteElo "2161"]
[BlackElo "2291"]
[EventDate "2005.02.18"]
[PlyCount "78"]

1.Nf3 f5 2.d3 Nf6 3.g3 Nc6 4.Bg2 g6 5.O-O Bg7 6.c4 O-O 7.Nc3 d6 8.Rb1 a5 
9.a3 e5 10.b4 axb4 11.axb4 h6 12.Qb3 Be6 13.b5 Ne7 14.Bb2 Nd7 15.Ra1 Rb8 
16.Na4 g5 17.Qb4 b6 18.d4 e4 19.Nd2 d5 20.c5 f4 21.Rfc1 Nf6 22.cxb6 cxb6 
23.Ba3 Nf5 24.Rc3 Ng4 25.Nb3 Rf7 26.Rc6 Bd7 27.Rg6 Kh7 28.Rxg7+ Kxg7 29.h3
Nf6 30.g4 Nh4 31.Bf1 Rc8 32.Nbc5 bxc5 33.dxc5 Rb8 34.Nb6 Rxb6 35.cxb6 Qxb6
36.Rb1 e3 37.Bb2 exf2+ 38.Kh1 Qe3 39.Bd4 Qg3 0-1

[Event "EU-chT Seniors 07th"]
[Site "Dresden"]
[Date "2005.02.22"]
[Round "5"]
[White "Degenhardt, Norbert"]
[Black "Krieger, Hermann"]
[Result "0-1"]
[WhiteElo "2134"]
[BlackElo "2260"]
[EventDate "2005.02.18"]
[PlyCount "61"]

1.e4 c5 2.b3 Nc6 3.Bb2 d6 4.Bb5 e5 5.Nf3 g6 6.O-O Bg7 7.h3 Ne7 8.Re1 O-O 
9.c3 f5 10.Bc4+ Kh8 11.d3 h6 12.Nbd2 f4 13.Nf1 Qe8 14.Rb1 g5 15.d4 Qg6 16.
N1h2 h5 17.d5 Nd8 18.Bf1 g4 19.hxg4 hxg4 20.Nd2 Nf7 21.Bc4 Bd7 22.a4 Nh6 
23.Nhf1 Bf6 24.Bb5 Bxb5 25.axb5 Rf7 26.g3 Qh5 27.gxf4 exf4 28.c4 Bxb2 29.
Rxb2 Rh7 30.Nh2 Nf7 31.f3 0-1

[Event "EU-chT Seniors 07th"]
[Site "Dresden"]
[Date "2005.02.22"]
[Round "5"]
[White "Denda, Ronald"]
[Black "Alter, Helmut"]
[Result "1-0"]
[WhiteElo "2051"]
[BlackElo "1692"]
[EventDate "2005.02.18"]
[PlyCount "45"]

1.e4 e5 2.Nf3 Nc6 3.Bc4 d6 4.d4 exd4 5.Nxd4 Nf6 6.Nc3 Be7 7.f3 Bd7 8.Be3 
a6 9.a4 Nxd4 10.Bxd4 Be6 11.Nd5 O-O 12.O-O Ne8 13.c3 c5 14.Be3 Nc7 15.Qb3 
Bxd5 16.Bxd5 Nxd5 17.Qxd5 b5 18.Ra2 Qb6 19.b4 bxa4 20.Rxa4 Qb5 21.Rfa1 Qe2
22.Bf2 cxb4 23.R1a2 1-0

[Event "EU-chT Seniors 07th"]
[Site "Dresden"]
[Date "2005.02.22"]
[Round "5"]
[White "Dominguez Rueda, Juan"]
[Black "Luetje, Juergen"]
[Result "1-0"]
[WhiteElo "2138"]
[BlackElo "2164"]
[EventDate "2005.02.18"]
[PlyCount "46"]

1.e4 c5 2.c3 d5 3.exd5 Qxd5 4.d4 Nf6 5.Nf3 e6 6.Bd3 cxd4 7.cxd4 Nc6 8.Nc3 
Qd8 9.O-O a6 10.a3 b5 11.Bc2 Be7 12.Qd3 Ra7 13.Bg5 Rd7 14.Rad1 h6 15.Be3 
Bb7 16.Qe2 Qc7 17.Ne4 Nxe4 18.Bxe4 Na5 19.Bb1 Bd5 20.Ne5 Rd8 21.Qh5 Bf6 
22.Nxf7 Rf8 23.Rc1 Qb7 1-0

[Event "EU-chT Seniors 07th"]
[Site "Dresden"]
[Date "2005.02.22"]
[Round "5"]
[White "Dorawa, Bernhard"]
[Black "Lieb, Harald"]
[Result "1/2-1/2"]
[WhiteElo "2066"]
[BlackElo "2276"]
[EventDate "2005.02.18"]
[PlyCount "95"]

1.e4 e6 2.d4 d5 3.Nc3 Bb4 4.e5 c5 5.a3 Bxc3+ 6.bxc3 Qc7 7.Qg4 Ne7 8.Qxg7 
Rg8 9.Qxh7 cxd4 10.Ne2 Nbc6 11.f4 dxc3 12.Qd3 Bd7 13.Nxc3 a6 14.Rb1 Na5 
15.h4 Rc8 16.Rh3 Nf5 17.h5 Ke7 18.Qxf5 Qxc3+ 19.Rxc3 exf5 20.Rxc8 Bxc8 21.
Bd2 Nc6 22.Kf2 Rh8 23.Be2 Nd4 24.Bb4+ Ke8 25.Bd1 Rh6 26.Ke3 Ne6 27.Bc3 Nc5
28.Bd4 Ne4 29.Rb6 Rh7 30.Bf3 Kd8 31.Kd3 Kc7 32.c3 Be6 33.Rb1 Ng3 34.Ke3 b5
35.Kf2 Nxh5 36.Rh1 Nf6 37.Rh3 Ne4+ 38.Bxe4 Rxh3 39.gxh3 fxe4 40.h4 Kd7 41.
Kg3 Bf5 42.h5 Ke6 43.Kh4 Bh7 44.Kg5 Bf5 45.Bc5 Bh3 46.Bd4 Bf5 47.Kh6 Bg4 
48.Kg5 1/2-1/2

[Event "EU-chT Seniors 07th"]
[Site "Dresden"]
[Date "2005.02.22"]
[Round "5"]
[White "Dorsch, Baptist"]
[Black "Bold, Konrad"]
[Result "0-1"]
[WhiteElo "1691"]
[BlackElo "2161"]
[EventDate "2005.02.18"]
[PlyCount "82"]

1.d4 Nf6 2.Nf3 g6 3.Bf4 Bg7 4.Nbd2 d6 5.e3 Nbd7 6.Bd3 b6 7.O-O Bb7 8.Re1 
O-O 9.c3 Re8 10.Qc2 Qc8 11.Rad1 e5 12.dxe5 dxe5 13.Bxe5 Nxe5 14.Nxe5 Rxe5 
15.Bc4 Rg5 16.e4 Qg4 17.Bf1 Re8 18.f3 Qh4 19.Nb3 Bf8 20.Qf2 Qxf2+ 21.Kxf2 
Rh5 22.h3 Rhe5 23.Rd2 Bxe4 24.Rde2 Bd6 25.fxe4 Nxe4+ 26.Kg1 f5 27.Re3 Kg7 
28.Bd3 Kf6 29.Bxe4 fxe4 30.g4 h5 31.Kg2 hxg4 32.hxg4 Kg5 33.Nd2 Kxg4 34.
Rxe4+ Rxe4 35.Rxe4+ Rxe4 36.Nxe4 Kf4 37.Nf2 Ke3 38.b3 Kd2 39.c4 Kc3 40.
Ne4+ Kb2 41.Kf3 Kxa2 0-1

[Event "EU-chT Seniors 07th"]
[Site "Dresden"]
[Date "2005.02.22"]
[Round "5"]
[White "Eyer, Karl"]
[Black "Strand, Karl W"]
[Result "0-1"]
[WhiteElo "1889"]
[BlackElo "1838"]
[EventDate "2005.02.18"]
[PlyCount "98"]

1.e4 Nf6 2.d3 d5 3.Nd2 e5 4.Ngf3 Nc6 5.Be2 Bg4 6.O-O Bd6 7.h3 Bh5 8.exd5 
Nxd5 9.Ne4 Bg6 10.c3 O-O 11.Qb3 Nb6 12.Bg5 Be7 13.Be3 Qd5 14.c4 Qe6 15.Nc5
Bxc5 16.Bxc5 Rfd8 17.Rfe1 Qd7 18.Rad1 f6 19.Qc2 Kh8 20.b4 Rab8 21.a4 Nc8 
22.b5 N6e7 23.Nh4 b6 24.Nxg6+ Nxg6 25.Be3 Nce7 26.Bg4 f5 27.Bh5 f4 28.Bc1 
Qf5 29.Bg4 Qg5 30.Bb2 h5 31.Bf3 Nf5 32.Qe2 Nfh4 33.Kh1 Nxf3 34.Qxf3 Re8 
35.Qe4 Rbd8 36.f3 Nh4 37.Qe2 Nf5 38.Qf2 Rd6 39.Rd2 Ne3 40.g3 Qf5 41.g4 Qd7
42.Qh4 Kg8 43.g5 g6 44.Rxe3 fxe3 45.Rh2 Rxd3 46.Qe4 Qf5 47.Qc6 Red8 48.Re2
Qxh3+ 49.Kg1 Rd1+ 0-1

[Event "EU-chT Seniors 07th"]
[Site "Dresden"]
[Date "2005.02.22"]
[Round "5"]
[White "Franz, Joachim"]
[Black "Malich, Burkhard"]
[Result "1/2-1/2"]
[WhiteElo "2209"]
[BlackElo "2367"]
[EventDate "2005.02.18"]
[PlyCount "33"]

1.e4 c5 2.Nf3 e6 3.c3 Nf6 4.e5 Nd5 5.d4 cxd4 6.cxd4 d6 7.Nc3 dxe5 8.Nxe5 
Bb4 9.Bd2 Nd7 10.Nxd5 Bxd2+ 11.Qxd2 exd5 12.Bb5 O-O 13.Bxd7 Bxd7 14.O-O f6
15.Nxd7 Qxd7 16.Rfe1 Rfe8 17.Rxe8+ 1/2-1/2

[Event "EU-chT Seniors 07th"]
[Site "Dresden"]
[Date "2005.02.22"]
[Round "5"]
[White "Gaprindashvili, Nona"]
[Black "Farrand, Julian"]
[Result "1-0"]
[WhiteElo "2309"]
[BlackElo "2216"]
[EventDate "2005.02.18"]
[PlyCount "75"]

1.d4 Nc6 2.d5 Ne5 3.f4 Ng6 4.e4 e5 5.dxe6 fxe6 6.Be3 Bb4+ 7.c3 Ba5 8.Bd3 
Bb6 9.Bxb6 axb6 10.g3 Nf6 11.e5 Nd5 12.Qh5 O-O 13.Bxg6 hxg6 14.Qxg6 Ne7 
15.Qd3 d6 16.Nf3 Qe8 17.Nbd2 d5 18.Ng5 Qh5 19.O-O Bd7 20.Ndf3 c5 21.Nh4 
Qh6 22.a3 Bc6 23.Rad1 Ra4 24.Qe2 d4 25.cxd4 cxd4 26.Rd2 Bd5 27.Qd1 Ra5 28.
Rxd4 Nc6 29.b4 Rb5 30.Rd2 Nxe5 31.Re1 Nc4 32.a4 Rxb4 33.Rxd5 exd5 34.Qxd5+
Kh8 35.Nf7+ Rxf7 36.Re8+ Kh7 37.Qxf7 Rb1+ 38.Kg2 1-0

[Event "EU-chT Seniors 07th"]
[Site "Dresden"]
[Date "2005.02.22"]
[Round "5"]
[White "Gergs, Wolfgang"]
[Black "Just, Joachim"]
[Result "1-0"]
[WhiteElo "2190"]
[BlackElo "2159"]
[EventDate "2005.02.18"]
[PlyCount "71"]

1.d4 d5 2.Nf3 Nf6 3.c4 dxc4 4.Nc3 g6 5.e4 Bg7 6.Bxc4 O-O 7.h3 Nfd7 8.O-O 
Nc6 9.Bd5 Nb4 10.Bf4 c6 11.Bb3 Qa5 12.a3 Na6 13.Bc4 b5 14.b4 Qb6 15.Be2 
Nab8 16.a4 Ba6 17.axb5 cxb5 18.Nd5 Qd8 19.Bc7 Qe8 20.Bxb8 Nxb8 21.Nc7 Qc6 
22.Nxa8 Qxa8 23.Bd3 Rd8 24.Qe2 Bxd4 25.Nxd4 Rxd4 26.Bxb5 Rxe4 27.Qd3 Bb7 
28.Ra4 Re6 29.Qd8+ Kg7 30.Qd4+ Rf6 31.Rxa7 e5 32.Qe3 Bxg2 33.Rxa8 Bxa8 34.
Qxe5 Nc6 35.Bxc6 Bxc6 36.Rd1 1-0

[Event "EU-chT Seniors 07th"]
[Site "Dresden"]
[Date "2005.02.22"]
[Round "5"]
[White "Golcman, Evgeny"]
[Black "Vucenovic, Dragomir"]
[Result "1-0"]
[WhiteElo "2336"]
[BlackElo "2277"]
[EventDate "2005.02.18"]
[PlyCount "79"]

1.c4 e5 2.g3 Nc6 3.Bg2 g6 4.Nc3 Bg7 5.Nf3 d6 6.d3 Nf6 7.O-O O-O 8.Rb1 Bf5 
9.b4 Qd7 10.b5 Nd4 11.Ng5 h6 12.Nge4 Nxe4 13.Nxe4 Kh7 14.Nc3 Bh3 15.Bxb7 
Bxf1 16.Bxa8 Bxe2 17.Nxe2 Rxa8 18.Nxd4 exd4 19.Qf3 Re8 20.Bd2 Re5 21.Re1 
Qe6 22.Rxe5 dxe5 23.Ba5 Qe7 24.g4 Qd7 25.Kf1 Bf8 26.h3 Bd6 27.Qd5 Qe7 28.
a4 Kg7 29.Bd2 f5 30.gxf5 gxf5 31.f4 e4 32.Qxd4+ Kh7 33.Qd5 Kg6 34.dxe4 
Qxe4 35.Qxe4 fxe4 36.Be3 Kf5 37.c5 Bxf4 38.Bxf4 Kxf4 39.a5 Ke5 40.b6 1-0

[Event "EU-chT Seniors 07th"]
[Site "Dresden"]
[Date "2005.02.22"]
[Round "5"]
[White "Gruzmann, Boris"]
[Black "Schwier, Manfred"]
[Result "1-0"]
[WhiteElo "2271"]
[BlackElo "2142"]
[EventDate "2005.02.18"]
[PlyCount "49"]

1.e4 e5 2.Nf3 Nf6 3.d4 Nxe4 4.Bd3 d5 5.Nxe5 Nd6 6.O-O Be7 7.c3 O-O 8.Qh5 
f5 9.Nd2 Qe8 10.Qd1 Nd7 11.Qb3 c6 12.c4 Nxe5 13.dxe5 dxc4 14.Nxc4 Nxc4 15.
Bxc4+ Kh8 16.a4 Bc5 17.Bf4 Qe7 18.Rad1 g5 19.Bd2 Bd4 20.Bb4 c5 21.Rxd4 
cxb4 22.e6 Rb8 23.Re1 a6 24.Qe3 Qf6 25.e7 1-0

[Event "EU-chT Seniors 07th"]
[Site "Dresden"]
[Date "2005.02.22"]
[Round "5"]
[White "Guenther, Egbert"]
[Black "Schwertel, Johann"]
[Result "0-1"]
[WhiteElo "1839"]
[BlackElo "2051"]
[EventDate "2005.02.18"]
[PlyCount "105"]

1.e4 d5 2.exd5 Qxd5 3.Nc3 Qa5 4.d4 c6 5.Bc4 Nf6 6.Qd3 Bf5 7.Qd2 e6 8.a3 
Nbd7 9.b4 Bxb4 10.axb4 Qxa1 11.f3 Nb6 12.Bb3 Nbd5 13.Nd1 Rd8 14.Ne2 b5 15.
g4 Bg6 16.h4 h5 17.Bb2 Qa6 18.g5 Nd7 19.Nf4 Bf5 20.g6 fxg6 21.Rg1 Nf8 22.
Nf2 Qb7 23.N4d3 Qe7 24.Bxd5 exd5+ 25.Kd1 Qxh4 26.Re1+ Kf7 27.Ne5+ Kg8 28.
Nxc6 Rd7 29.Nd3 Bxd3 30.Qxd3 a6 31.Bc1 Kh7 32.Ne5 Re7 33.Rg1 Re6 34.Nf7 
Qf2 35.Rf1 Qg3 36.Ng5+ Kg8 37.Nxe6 Nxe6 38.Qe3 Qh3 39.Re1 Kf7 40.Bd2 Re8 
41.Qf2 Nc7 42.Rg1 Re6 43.Bf4 Ne8 44.Rg5 Rf6 45.Qe3 Qf1+ 46.Kd2 Re6 47.Be5 
Nd6 48.Qf4+ Nf5 49.Rxf5+ gxf5 50.Qxf5+ Ke7 51.Qg5+ Kd7 52.Qxh5 Qg2+ 53.Kc3
0-1

[Event "EU-chT Seniors 07th"]
[Site "Dresden"]
[Date "2005.02.22"]
[Round "5"]
[White "Hagen, Horst"]
[Black "Titz, Herbert"]
[Result "1-0"]
[WhiteElo "1926"]
[BlackElo "2089"]
[EventDate "2005.02.18"]
[PlyCount "103"]

1.d4 Nf6 2.c4 c5 3.d5 b5 4.Qc2 d6 5.e4 g6 6.f4 Bg7 7.Nf3 O-O 8.Be2 bxc4 9.
O-O Ba6 10.Na3 c3 11.bxc3 Bxe2 12.Qxe2 Qa5 13.Bb2 Nbd7 14.Nd2 Rab8 15.Nb3 
Qc7 16.c4 Nb6 17.Rae1 Qc8 18.Rf3 Qa6 19.Nd2 Nbxd5 20.Nb5 Nb4 21.Ra3 Qb6 
22.e5 Ne8 23.Rxa7 Nc6 24.Ra3 dxe5 25.Bxe5 Nxe5 26.fxe5 Nc7 27.Nxc7 Qxc7 
28.Rb3 Ra8 29.Nf3 Ra6 30.Rb2 Ra7 31.Reb1 f6 32.Rb8 Kf7 33.Rxf8+ Bxf8 34.
Qd2 Qa5 35.Qd5+ e6 36.Rb7+ Rxb7 37.Qxb7+ Be7 38.exf6 Kxf6 39.Qb2+ Kf7 40.
Ne5+ Ke8 41.Qb5+ Qxb5 42.cxb5 Bd6 43.Nc4 Bb8 44.a4 Kd7 45.h3 e5 46.a5 Ke6 
47.a6 Kd5 48.b6 Kxc4 49.a7 Bxa7 50.bxa7 Kc3 51.a8=Q c4 52.Kf2 1-0

[Event "EU-chT Seniors 07th"]
[Site "Dresden"]
[Date "2005.02.22"]
[Round "5"]
[White "Hermann, Armin"]
[Black "Boehnisch, Manfred"]
[Result "1/2-1/2"]
[WhiteElo "2151"]
[BlackElo "2364"]
[EventDate "2005.02.18"]
[PlyCount "92"]

1.d4 d5 2.Nf3 Nf6 3.c4 c6 4.e3 Bg4 5.Nbd2 e6 6.Bd3 Nbd7 7.O-O Bd6 8.h3 Bh5
9.Qc2 O-O 10.b3 Bg6 11.Bb2 Bxd3 12.Qxd3 Qc7 13.e4 dxe4 14.Nxe4 Nxe4 15.
Qxe4 a5 16.a3 Rfd8 17.Rfd1 Be7 18.Qc2 Bf6 19.b4 Nb6 20.g3 Qe7 21.Qb3 Nc8 
22.Bc3 a4 23.Qc2 Nd6 24.Qe2 b5 25.Nd2 Qa7 26.c5 Nf5 27.Nf3 Rd5 28.Rd2 Qc7 
29.Kg2 h6 30.Rad1 Rad8 31.Qe4 R8d7 32.Ne5 Bxe5 33.dxe5 Rxd2 34.Rxd2 Rxd2 
35.Bxd2 Qd7 36.Bc3 Qd5 37.Qxd5 exd5 38.Kf3 g6 39.g4 Ng7 40.Ke3 g5 41.f4 
Ne6 42.f5 Nf4 43.Kf3 Nxh3 44.Bd2 d4 45.Kg3 Ng1 46.Kf2 Nh3+ 1/2-1/2

[Event "EU-chT Seniors 07th"]
[Site "Dresden"]
[Date "2005.02.22"]
[Round "5"]
[White "Hoen, Ragnar Harald"]
[Black "Barlocco, Carlo"]
[Result "1/2-1/2"]
[WhiteElo "2271"]
[BlackElo "2156"]
[EventDate "2005.02.18"]
[PlyCount "42"]

1.e4 Nc6 2.Nf3 d6 3.d4 Bg4 4.Be3 e6 5.Nc3 d5 6.exd5 exd5 7.h3 Bh5 8.a3 Nf6
9.Be2 Be7 10.Ne5 Bxe2 11.Qxe2 O-O 12.O-O Re8 13.Qf3 Bf8 14.Nxc6 bxc6 15.
Bg5 Be7 16.Bf4 Rb8 17.b3 Bd6 18.Rfe1 Bxf4 19.Qxf4 Qd6 20.Qxd6 cxd6 21.f3 
Kf8 1/2-1/2

[Event "EU-chT Seniors 07th"]
[Site "Dresden"]
[Date "2005.02.22"]
[Round "5"]
[White "Jaeger, Erich"]
[Black "Hesse, Manfred"]
[Result "1/2-1/2"]
[WhiteElo "2106"]
[BlackElo "1892"]
[EventDate "2005.02.18"]
[PlyCount "50"]

1.d4 Nf6 2.Bg5 e6 3.e3 d5 4.c4 Be7 5.Nc3 c6 6.Qc2 Nbd7 7.cxd5 exd5 8.Bd3 
h6 9.Bh4 Qa5 10.Nf3 O-O 11.O-O Re8 12.a3 Bd6 13.b4 Qc7 14.Rac1 Qb8 15.Rfe1
a5 16.Qb3 g5 17.Bg3 Nf8 18.Bxd6 Qxd6 19.Ne5 Be6 20.Na4 axb4 21.axb4 N8d7 
22.f4 Ne4 23.Nxd7 Bxd7 24.Bxe4 dxe4 25.Nc5 Reb8 1/2-1/2

[Event "EU-chT Seniors 07th"]
[Site "Dresden"]
[Date "2005.02.22"]
[Round "5"]
[White "James, Geoffrey H"]
[Black "Lenk, Wolfgang"]
[Result "1/2-1/2"]
[WhiteElo "2208"]
[BlackElo "2193"]
[EventDate "2005.02.18"]
[PlyCount "36"]

1.e4 d6 2.d4 Nf6 3.Nc3 g6 4.f3 Bg7 5.Be3 O-O 6.Qd2 e5 7.Nge2 exd4 8.Nxd4 
Nc6 9.O-O-O Nxd4 10.Bxd4 Be6 11.Nd5 Bxd5 12.exd5 c5 13.Bc3 a6 14.h4 b5 15.
b3 b4 16.Bb2 Nd7 17.h5 Bxb2+ 18.Kxb2 Qf6+ 1/2-1/2

[Event "EU-chT Seniors 07th"]
[Site "Dresden"]
[Date "2005.02.22"]
[Round "5"]
[White "Kalmutzki, Manfred"]
[Black "Haug, Kjell Martin"]
[Result "1-0"]
[WhiteElo "1729"]
[BlackElo "1985"]
[EventDate "2005.02.18"]
[PlyCount "93"]

1.d4 Nf6 2.e3 d6 3.f4 e6 4.Nf3 Be7 5.Bd3 h6 6.O-O O-O 7.Nbd2 Nbd7 8.Qe2 b6
9.c3 Bb7 10.e4 c5 11.e5 Nd5 12.Ne4 dxe5 13.dxe5 Qb8 14.a3 a6 15.c4 Nc7 16.
Bc2 Rd8 17.Be3 a5 18.Rfd1 Bc6 19.Nd6 Ne8 20.Nxe8 Rxe8 21.Rxd7 Bxd7 22.Qd3 
f5 23.Qxd7 Bf8 24.Ba4 Re7 25.Qd3 Qc7 26.Rd1 Kh7 27.g4 g6 28.g5 Qb7 29.Kf2 
h5 30.h4 Rc8 31.Qb3 Rg7 32.Qb5 Re7 33.Rd6 Qe4 34.Rd7 Rc7 35.Rxc7 Rxc7 36.
Qxb6 Rb7 37.Qxe6 Rxb2+ 38.Bd2 Qd3 39.Qd7+ Qxd7 40.Bxd7 Ra2 41.a4 Kg7 42.
Kg3 Kf7 43.Bxa5 Ke7 44.Bc6 Kf7 45.Bb6 Be7 46.a5 Ra3 47.Bb5 1-0

[Event "EU-chT Seniors 07th"]
[Site "Dresden"]
[Date "2005.02.22"]
[Round "5"]
[White "Karl, Hans"]
[Black "Vager, Boris"]
[Result "1-0"]
[WhiteElo "2284"]
[BlackElo "2248"]
[EventDate "2005.02.18"]
[PlyCount "105"]

1.e4 c5 2.Nc3 e6 3.Nf3 Nc6 4.Bb5 Nd4 5.Nxd4 cxd4 6.Ne2 Qg5 7.a4 Qxg2 8.Ng3
Qh3 9.d3 Nf6 10.Bd2 Qg4 11.f3 Qh4 12.Qe2 a6 13.Bc4 Bc5 14.f4 O-O 15.e5 Ng4
16.O-O-O b5 17.Bb3 Bb7 18.Rhg1 f5 19.exf6 Nxf6 20.Nf5 Qh5 21.Qe5 Kh8 22.
Rg5 Qe8 23.Nxg7 Qe7 24.Rdg1 Rac8 25.Nh5 Bd6 26.Qe2 Nxh5 27.Qxh5 Rg8 28.f5 
Rcf8 29.Rxg8+ Rxg8 30.Rxg8+ Kxg8 31.fxe6 dxe6 32.Qg4+ Kf8 33.Bh6+ Ke8 34.
Bxe6 Qf6 35.Qg8+ Bf8 36.Qxf8+ Qxf8 37.Bxf8 Kxf8 38.a5 Ke7 39.Bf5 h6 40.Be4
Bc8 41.c3 dxc3 42.bxc3 Kd6 43.d4 Kc7 44.Kd2 Be6 45.Ke3 Bc8 46.Kf4 Bh3 47.
Ke5 h5 48.Kf4 Bd7 49.h4 Be8 50.Ke5 Bd7 51.d5 Bc8 52.d6+ Kd8 53.Bf3 1-0

[Event "EU-chT Seniors 07th"]
[Site "Dresden"]
[Date "2005.02.22"]
[Round "5"]
[White "Kelchner, Hans"]
[Black "Petermann, Harald"]
[Result "1-0"]
[WhiteElo "2149"]
[BlackElo "1998"]
[EventDate "2005.02.18"]
[PlyCount "71"]

1.d4 Nf6 2.c4 g6 3.Nc3 Bg7 4.e4 d6 5.Be2 O-O 6.Nf3 c6 7.O-O Nbd7 8.e5 dxe5
9.dxe5 Ng4 10.e6 fxe6 11.Ng5 Nxf2 12.Rxf2 Qb6 13.c5 Qxc5 14.Nce4 Qb6 15.
Nxe6 Rxf2 16.Nxf2 Be5 17.Bc4 Kh8 18.Qe2 Bf6 19.Rb1 Ne5 20.Be3 Qb4 21.Bb3 
b6 22.Bd2 Qd6 23.Nf4 Bf5 24.Re1 Nd7 25.Rd1 Qc7 26.Be6 Bxe6 27.Qxe6 Nc5 28.
Qh3 Kg8 29.b4 Nb7 30.Ng4 Bd4+ 31.Be3 e5 32.Nh6+ Kh8 33.Rxd4 exf4 34.Rd7 
Qxd7 35.Qxd7 fxe3 36.Qd4# 1-0

[Event "EU-chT Seniors 07th"]
[Site "Dresden"]
[Date "2005.02.22"]
[Round "5"]
[White "Khmiadashvili, Tamari"]
[Black "Edwards, Raymond"]
[Result "1/2-1/2"]
[WhiteElo "2257"]
[BlackElo "2104"]
[EventDate "2005.02.18"]
[PlyCount "49"]

1.d4 d5 2.g3 Nf6 3.Bg2 e6 4.Nd2 c5 5.e3 Nc6 6.Ne2 Be7 7.O-O O-O 8.c3 b6 9.
Qa4 Bd7 10.Qc2 Rc8 11.dxc5 bxc5 12.Rd1 Qc7 13.e4 Rfd8 14.f4 dxe4 15.Nxe4 
Nxe4 16.Bxe4 g6 17.Be3 Na5 18.b3 Bc6 19.Kf2 Nb7 20.c4 Nd6 21.Bxc6 Qxc6 22.
Rd3 Ne4+ 23.Kg1 Rxd3 24.Qxd3 Rd8 25.Qc2 1/2-1/2